Harry Potter Wands - Statistics

General Stats
  • This quiz has been taken 13 times
  • The average score is 12 of 24
Answer Stats
Hint Answer % Correct
Holly, 11", phoenix feather, nice and supple Harry Potter
90%
Yew, 13½", phoenix feather, unknown Tom Riddle
80%
Elder, 15", thestral tail hair, unknown Albus Dumbledore
70%
Hawthorn, 10", unicorn hair, reasonably springy Draco Malfoy
70%
Vine, 10¾", dragon heartstring, unknown Hermione Granger
70%
Rosewood, 9½", veela hair, inflexible Fleur Delacour
60%
Hornbeam, 10¼", dragon heartstring, quite rigid Viktor Krum
60%
Cherry, 13", unicorn hair, unknown Neville Longbottom
50%
Willow, 14", unicorn hair, unknown Ron Weasley
50%
Walnut, 12¾", dragon heartstring, unyielding Bellatrix Lestrange
40%
Ash, 12¼", unicorn hair, unknown Cedric Diggory
40%
Birch, 8", dragon heartstring, unknown Dolores Umbridge
40%
Hornbeam, 12¾", dragon heartstring, slightly bendy Garrick Ollivander
40%
Cherry, 9", dragon heartstring, slightly bendy Gilderoy Lockhart
40%
Mahogany, 11", unknown, pliable James Potter
40%
Willow, 10¼", unknown, swishy Lily Evans
40%
Elm, 18", dragon heartstring, unyielding Lucius Malfoy
40%
Fir, 9½", dragon heartstring, stiff Minerva McGonagall
40%
Chestnut, 9¼", dragon heartstring, brittle Peter Pettigrew
40%
Cypress, 10¼", unicorn hair, pliable Remus Lupin
40%
Oak, 16", unknown, rather bendy Rubeus Hagrid
40%
Cedar, 10¼", dragon heartstring, fairly flexible Horace Slughorn
30%
Cherry, 8¾", unicorn hair, unknown Mary Cattermole
30%
Alder, 9", unicorn hair, bendy Quirinus Quirrel
30%
No matching quizzes found
Score Distribution
Percent of People with Each Score
Percentile by Number Answered
Your Score History
You have not taken this quiz